Dvorského čaká "kabína"

Bibliographic Details
Format: Article
Language:Slovak
Subjects:

MARC

LEADER 00000nab a2200000 a 4500
001 vtls001011884
003 SK-MaSNL
005 20260526034834.0
008 040720e20020116xo 0 slo
035 |a RV12484 
040 |a RVGKPD  |b slo  |c RVGKPD  |e AACR2 
041 0 |a slo 
044 |a xo  |c SK 
080 |a 394.2  |2 1981 
080 |a 784.4  |2 1981 
080 |a 78.087.612  |2 1981 
245 0 0 |a Dvorského čaká "kabína" 
600 1 7 |a Dvorský, Peter,  |d 1951-  |2 RVGKPD  |9 134770 
650 0 7 |a koncerty  |2 RVGKPD  |9 19182 
651 7 |a Rožňava (Slovensko)  |2 RVGKPD  |9 17394 
773 0 8 |t Nový Čas  |g Roč. 12, č.13, 16.1.2002, s. 26 
852 |a ZVYKNI  |b KIS3GCP 
999 |c 1689496  |d 1691426